Obax (Registo nº 6037)
[ vista simples ]
| 000 -Etiqueta do registo | |
|---|---|
| Valores | 00911nam a2200241 4500 |
| 010 ## - Número ISBN | |
| ISBN | 9789899760530 |
| 021 ## - Número do Depósito Legal | |
| Número | 358091/13 |
| 100 ## - Dados gerais de processamento | |
| Dados gerais | 20251001d2013 bc y0pory5003 ba |
| 200 1# - Titulo e menção de responsabilidade | |
| Título próprio | Obax |
| Primeira menção de responsabilidade | André Neves |
| Outras menções de responsabilidade | adap. Pedro Seromenho |
| 210 #9 - Publicação | |
| Local de publicação | Braga |
| Nome do editor | Planeta de Letras |
| Data de publicação | D.L. 2013 |
| 215 ## - Descrição física | |
| Paginação / Volumes | [30] p. |
| Outras indicações físicas | muito il. |
| 330 ## - Sumário ou Resumo | |
| Texto da nota | Quando o sol desperta, OBAX percorre a savana africana com a sua imaginação. ela conhece girafas e outros animais selvagens, mas o seu passatempo preferido é contar histórias! Algumas delas são tão incríveis que mais parecem um sonho! |
| 606 ## - Nome comum usado como assunto | |
| ID Autoridade | 14 |
| Palavra de ordem | Literatura infantil |
| 606 ## - Nome comum usado como assunto | |
| ID Autoridade | 13 |
| Palavra de ordem | Literatura Estrangeira |
| 675 ## - CDU | |
| Notação | 82-93 |
| Edição | BN |
| Língua | por |
| 675 ## - CDU | |
| Notação | 821.134.3 |
| Edição | BN |
| Língua | por |
| 700 ## - Autor principal (pessoa individual) | |
| Apelido | Neves |
| Nome | André |
| Datas | 1973- |
| ID Autoridade | 5728 |
| 702 ## - Autor secundário (pessoa individual) | |
| Apelido | Seromenho |
| Nome | Pedro |
| Datas | 1975- |
| ID Autoridade | 4068 |
| 801 #0 - Fonte de origem | |
| País | PT |
| Agência | BEN2VN |
| Regras de catalogação | RPC |
| 830 ## - Notas gerais do catalogador | |
| Criado por | Tânia Croca |
| Data de criação | 01/10/2025 |
| 990 ## - Elementos KOHA | |
| Tipo de documento | Livro |
| Situação do levantamento | Biblioteca de origem | Código de barras | Cota | Permissão de empréstimo | Tipo de documento | Forma de aquisição |
|---|---|---|---|---|---|---|
| Biblioteca Municipal de Vendas Novas | 100000031319 | LI POR/NEV | Livro |